[Event "?"]
[Site "?"]
[Date "????.??.??"]
[Round "?"]
[White "Varezhkin, V."]
[Black "Obodchuk, A."]
[Result "0-1"]
[WhiteElo "2182"]
[BlackElo "2414"]
[PlyCount "78"]
[EventDate "23.??.??"]

1. e4 c5 2. Nf3 e6 3. d4 cxd4 4. Nxd4 Nc6 5. Nc3 Qc7 6. g3 a6 7. Bg2 d6 8. O-O
Bd7 9. Be3 Nf6 10. h3 Be7 11. a4 O-O 12. Nxc6 Bxc6 13. a5 Nd7 14. Na4 Rae8 15.
Nb6 f5 16. Nxd7 Qxd7 17. Qd3 fxe4 18. Bxe4 Bxe4 19. Qxe4 Rf5 20. Qa4 Qc6 21.
Qxc6 bxc6 22. c4 c5 23. Rab1 Rb8 24. g4 Rff8 25. b4 Rxb4 26. Rxb4 cxb4 27. Rb1
d5 28. cxd5 exd5 29. Kf1 Rc8 30. Ke2 Kf7 31. f4 g6 32. Rb2 Rc4 33. Bd2 Ke6 34.
h4 h5 35. Kf3 hxg4+ 36. Kxg4 d4 37. Rb3 Kd5 38. Kf3 Rc3+ 39. Bxc3 dxc3 0-1

[Event "?"]
[Site "?"]
[Date "????.??.??"]
[Round "?"]
[White "Shajakhmetov, L."]
[Black "Scerbin, D."]
[Result "0-1"]
[WhiteElo "2013"]
[BlackElo "2369"]
[PlyCount "86"]
[EventDate "23.??.??"]

1. d4 g6 2. c4 Bg7 3. Nc3 c5 4. Nf3 cxd4 5. Nxd4 Nc6 6. Nxc6 bxc6 7. Qc2 Nf6 8.
e4 O-O 9. Be2 d5 10. O-O d4 11. Na4 e5 12. c5 Rb8 13. Bd2 Ne8 14. b4 f5 15.
Bc4+ Kh8 16. f3 Qh4 17. Bd3 Qh5 18. Rab1 Nf6 19. exf5 gxf5 20. b5 cxb5 21. Bxb5
e4 22. Bf4 Rxb5 23. Rxb5 Ba6 24. Rbb1 Bxf1 25. Rxf1 Nd5 26. Bc1 Re8 27. Qc4 Ne3
28. Bxe3 dxe3 29. f4 Rd8 30. c6 e2 31. Re1 Rd1 32. Qb4 Qh4 33. Qb8+ Rd8 34. g3
Rxb8 35. gxh4 Bd4+ 36. Kg2 Rg8+ 37. Kh3 Rc8 38. Rxe2 Rxc6 39. Nb2 Rc1 40. h5
Kg7 41. Rd2 Be3 42. Rg2+ Kf6 43. Kg3 Rf1 0-1

[Event "?"]
[Site "?"]
[Date "????.??.??"]
[Round "?"]
[White "Checiak, K."]
[Black "Alchinidi, Y."]
[Result "1-0"]
[WhiteElo "2149"]
[BlackElo "1997"]
[PlyCount "73"]
[EventDate "23.??.??"]

1. e4 e5 2. Nf3 Nf6 3. d4 exd4 4. e5 Nd5 5. Qxd4 Nb4 6. Qe4 Be7 7. a3 N4a6 8.
b4 d5 9. exd6 Qxd6 10. Bb2 O-O 11. Be5 Qe6 12. Bd3 g6 13. O-O Nd7 14. Bc4 Qf5
15. Qxf5 gxf5 16. Bb2 c5 17. Re1 Bd6 18. b5 Nc7 19. a4 Re8 20. Rxe8+ Nxe8 21.
Nbd2 h6 22. a5 Ndf6 23. Re1 Bd7 24. Ne5 Be6 25. Bxe6 fxe6 26. Ndc4 Rd8 27. Nd3
Kf7 28. g3 h5 29. Rd1 Bc7 30. b6 axb6 31. axb6 Bd6 32. Nxc5 Bxc5 33. Rxd8 Ke7
34. Bxf6+ Nxf6 35. Rb8 Ne4 36. Rxb7+ Kf6 37. Rf7+ 1-0

[Event "?"]
[Site "?"]
[Date "????.??.??"]
[Round "?"]
[White "Tillmann, M."]
[Black "Strzelecki, J."]
[Result "0-1"]
[WhiteElo "1973"]
[BlackElo "2094"]
[PlyCount "108"]
[EventDate "23.??.??"]

1. d4 Nf6 2. c4 e6 3. Nc3 Bb4 4. Qc2 O-O 5. Nf3 c5 6. dxc5 Na6 7. a3 Bxc5 8. e3
b6 9. b4 Be7 10. Bb2 Bb7 11. Be2 Nc7 12. O-O d5 13. Rfd1 Qb8 14. cxd5 Ncxd5 15.
Nxd5 Bxd5 16. Rac1 Rc8 17. Qa4 a5 18. b5 Qb7 19. h3 h6 20. Ne1 Rxc1 21. Rxc1
Rc8 22. Rxc8+ Qxc8 23. Qc2 Qxc2 24. Nxc2 Nd7 25. Nd4 Bc5 26. f3 Ne5 27. Kf2 Nc4
28. Bxc4 Bxc4 29. f4 f6 30. a4 Kf7 31. g4 g6 32. Kf3 h5 33. e4 Bb4 34. Kg3 Be1+
35. Kg2 Bd3 36. e5 fxe5 37. fxe5 Be4+ 38. Kh2 Bf2 39. Bc3 Bd5 40. Bb2 Ke8 41.
Nc6 hxg4 42. hxg4 Bxc6 43. bxc6 Kd8 44. Kg2 Bh4 45. Kf3 Kc7 46. Ke4 Kxc6 47.
Kd4 b5 48. axb5+ Kxb5 49. Ba3 Bf2+ 50. Kc3 Be1+ 51. Kb3 a4+ 52. Ka2 Bb4 53. Bc1
Kc4 54. Bf4 Kd5 0-1

[Event "?"]
[Site "?"]
[Date "????.??.??"]
[Round "?"]
[White "Pakhomov, A."]
[Black "Kevorkov, A."]
[Result "1-0"]
[WhiteElo "2377"]
[BlackElo "2212"]
[PlyCount "115"]
[EventDate "2013.??.??"]

1. Nf3 d5 2. g3 c6 3. Bg2 Nf6 4. O-O Bf5 5. d3 e6 6. Nbd2 Be7 7. b3 O-O 8. Bb2
Nbd7 9. Qe1 Qc7 10. a3 e5 11. e4 dxe4 12. dxe4 Bg4 13. Nc4 Bxf3 14. Bxf3 Rfe8
15. Rd1 Rad8 16. Qe2 b5 17. Ne3 Nc5 18. Nf5 Bf8 19. Qe3 Ne6 20. b4 c5 21. c3 a5
22. Qe2 Rb8 23. Bg2 Nd8 24. Ne3 axb4 25. axb4 c4 26. Nd5 Nxd5 27. Rxd5 Nc6 28.
Rfd1 Red8 29. Bh3 Rd6 30. Bc1 Rbd8 31. Rxd6 Rxd6 32. Rxd6 Qxd6 33. Qd2 Qxd2 34.
Bxd2 Nd4 35. Kg2 Ne6 36. f4 Bd6 37. Kf3 Kf8 38. f5 Nc7 39. f6 gxf6 40. Bh6+ Ke7
41. Bf5 Ne6 42. Ke3 Nf8 43. Bxf8+ Kxf8 44. Bd7 Bc7 45. Bxb5 Bb6+ 46. Ke2 Bg1
47. h3 Ke7 48. Bxc4 h6 49. Bd5 Kd6 50. c4 Bd4 51. c5+ Kc7 52. Kd3 Bf2 53. g4
Be1 54. Kc4 Bf2 55. b5 Bg1 56. b6+ Kc8 57. Kb5 Kb8 58. c6 1-0

[Event "?"]
[Site "?"]
[Date "????.??.??"]
[Round "?"]
[White "Mackowiak, M."]
[Black "Meshkov, I."]
[Result "0-1"]
[WhiteElo "2174"]
[BlackElo "2363"]
[PlyCount "102"]
[EventDate "2013.??.??"]

1. c4 b6 2. d4 e6 3. Nf3 Bb7 4. Nc3 Bb4 5. Bd2 Nf6 6. a3 Bxc3 7. Bxc3 Ne4 8.
Rc1 O-O 9. g3 d6 10. Bg2 Nd7 11. O-O a5 12. Nd2 Nxc3 13. Rxc3 Bxg2 14. Kxg2 a4
15. Qc2 Ra5 16. e4 Qf6 17. Nf3 Qh6 18. Qc1 Qh5 19. Qf4 f6 20. h3 Qf7 21. Re1 e5
22. Qd2 Re8 23. Ree3 g6 24. Qd3 Kg7 25. Qd2 Re7 26. Qd3 h6 27. Qd1 Qe8 28. Qd3
Qa8 29. Kh2 Rf7 30. Kg1 Nf8 31. d5 Nd7 32. Nh4 Nc5 33. Qe2 Qc8 34. Kg2 Qd7 35.
f4 Ra8 36. f5 g5 37. Ng6 Nxe4 38. Rxe4 Qxf5 39. Nh4 gxh4 40. Rxh4 Kf8 41. Rxh6
Ke7 42. h4 Rg8 43. Rf3 Qg4 44. Qf1 f5 45. Re6+ Kf8 46. Qe2 Qxh4 47. Kf2 Qh2+
48. Ke3 Qg1+ 49. Kd2 Rh8 50. Qe3 Rh2+ 51. Kc3 Qd1 0-1

[Event "?"]
[Site "?"]
[Date "????.??.??"]
[Round "?"]
[White "Babarykin, S."]
[Black "Gerasimov, A."]
[Result "1/2-1/2"]
[WhiteElo "2319"]
[BlackElo "2175"]
[PlyCount "70"]
[EventDate "2013.??.??"]

1. e4 c5 2. Nf3 g6 3. d4 Bg7 4. Nc3 cxd4 5. Nxd4 Nc6 6. Be3 Nf6 7. Bc4 Qa5 8.
O-O O-O 9. Bb3 d6 10. h3 Bd7 11. Re1 Rac8 12. Qe2 a6 13. Rad1 b5 14. Nd5 Nxd5
15. Nxc6 Bxc6 16. exd5 Bd7 17. Bd4 Rfe8 18. Bxg7 Kxg7 19. Rd4 e5 20. dxe6 Bxe6
21. Re4 Bc4 22. Qd1 Rxe4 23. Rxe4 d5 24. Re7 Qb6 25. Bxc4 Qf6 26. Rd7 dxc4 27.
c3 Re8 28. Rd6 Re1+ 29. Qxe1 Qxd6 30. Qe3 h5 31. g3 Qd1+ 32. Kg2 Qd5+ 33. Kg1
Qd1+ 34. Kg2 Qd5+ 35. Kg1 Qd1+ 1/2-1/2

[Event "?"]
[Site "?"]
[Date "????.??.??"]
[Round "?"]
[White "Krylov, S."]
[Black "Huss, R."]
[Result "1/2-1/2"]
[WhiteElo "2297"]
[BlackElo "2150"]
[PlyCount "72"]
[EventDate "2013.??.??"]

1. e4 Nf6 2. e5 Nd5 3. d4 d6 4. Nf3 g6 5. Bc4 Nb6 6. Bb3 Bg7 7. O-O O-O 8. Re1
Nc6 9. e6 fxe6 10. c3 d5 11. a4 a5 12. Na3 e5 13. Nxe5 Nxe5 14. dxe5 c6 15. Be3
Be6 16. f4 g5 17. Bc2 Bf5 18. Bxf5 Rxf5 19. Qg4 e6 20. fxg5 Nd7 21. Nc2 Nxe5
22. Qg3 Nc4 23. Nd4 Be5 24. Qh3 Bxd4 25. Bxd4 Qxg5 26. Rxe6 Raf8 27. Rh6 Nd2
28. g3 Nf3+ 29. Kh1 Nxd4 30. cxd4 Qe3 31. Qg4+ Kh8 32. Rh4 Rf1+ 33. Rxf1 Rxf1+
34. Kg2 Rf2+ 35. Kh3 Rxh2+ 36. Kxh2 Qf2+ 1/2-1/2

[Event "?"]
[Site "?"]
[Date "????.??.??"]
[Round "?"]
[White "Gunajew, R."]
[Black "Ghadimi, M."]
[Result "0-1"]
[WhiteElo "2296"]
[BlackElo "2146"]
[PlyCount "112"]
[EventDate "2013.??.??"]

1. e4 c5 2. Nf3 Nc6 3. d3 g6 4. g3 Bg7 5. Bg2 e6 6. O-O Nge7 7. Re1 d6 8. a4
O-O 9. Nbd2 d5 10. h4 h6 11. e5 Nf5 12. c3 f6 13. g4 fxe5 14. gxf5 exf5 15. Nh2
Be6 16. c4 Nb4 17. cxd5 Bxd5 18. Ndf3 e4 19. dxe4 fxe4 20. Nd2 Nd3 21. Nxe4
Nxe1 22. Qxe1 Qxh4 23. Nf6+ Bxf6 24. Bxd5+ Kg7 25. Be3 Rae8 26. Bg2 b6 27. Qd2
Rd8 28. Qc2 Qb4 29. Rb1 Bd4 30. Bxd4+ Rxd4 31. Nf3 Rg4 32. Qe2 Rxg2+ 33. Kxg2
Qg4+ 34. Kf1 Qxf3 35. Qxf3 Rxf3 36. Rd1 Rf7 37. Rd6 h5 38. Rc6 Kh6 39. a5 bxa5
40. Rxc5 Rf5 41. Rc7 Kg5 42. Rxa7 Rb5 43. Kg2 Kf4 44. b3 Ke4 45. Re7+ Kd3 46.
Re6 g5 47. Re3+ Kc2 48. f3 Rxb3 49. Re5 a4 50. Rxg5 a3 51. Rxh5 a2 52. Ra5 Kb2
53. Rxa2+ Kxa2 54. Kg3 Ka3 55. Kg4 Rb5 56. f4 Rc5 0-1

[Event "?"]
[Site "?"]
[Date "????.??.??"]
[Round "?"]
[White "Sponheim, M."]
[Black "Dukaczewski, P."]
[Result "0-1"]
[WhiteElo "2093"]
[BlackElo "2280"]
[PlyCount "102"]
[EventDate "2013.??.??"]

1. e4 c5 2. c4 Nc6 3. Nc3 g6 4. g3 Bg7 5. Bg2 d6 6. d3 Nf6 7. Nge2 O-O 8. O-O
Ne8 9. Rb1 Nc7 10. a3 Rb8 11. Be3 Ne6 12. b4 b6 13. Qd2 Ned4 14. Bh6 Ne5 15.
Nxd4 cxd4 16. Ne2 Bxh6 17. Qxh6 Nxd3 18. f4 b5 19. cxb5 Rxb5 20. f5 Qb6 21. a4
Rxb4 22. Rbd1 Ne5 23. Nf4 d3+ 24. Kh1 Ng4 25. Qg5 Nf2+ 26. Rxf2 Qxf2 27. fxg6
fxg6 28. Nxg6 Rf6 29. Nxe7+ Kf7 30. Nd5 Rb2 31. Qxf6+ Qxf6 32. Nxf6 Kxf6 33.
Kg1 d2 34. Bf3 Ke5 35. Kf2 Kd4 36. g4 Bd7 37. Ke2 Kc3 38. Ra1 Be6 39. Ke3 Bb3
40. Bd1 Ra2 41. Rxa2 Bxa2 42. g5 Bb1 43. h4 Bc2 44. Ke2 Bxe4 45. h5 Bf5 46. Ke3
d5 47. Kf4 Bc2 48. Bf3 d4 49. g6 hxg6 50. h6 g5+ 51. Kxg5 Bh7 0-1

[Event "?"]
[Site "?"]
[Date "????.??.??"]
[Round "?"]
[White "Rudolf, T."]
[Black "Gerasimova, O."]
[Result "1/2-1/2"]
[WhiteElo "1931"]
[BlackElo "2089"]
[PlyCount "71"]
[EventDate "2013.??.??"]

1. d4 Nf6 2. Nf3 g6 3. Bf4 Bg7 4. e3 O-O 5. h3 d6 6. Be2 c5 7. c3 Qb6 8. Qb3
Be6 9. Qa3 Nc6 10. Nbd2 Qa5 11. Qxa5 Nxa5 12. O-O cxd4 13. exd4 Rac8 14. Rfe1
Rfe8 15. Bb5 Bd7 16. Bxd7 Nxd7 17. Re2 d5 18. g4 Rc6 19. a3 e6 20. Bg3 Nc4 21.
Nxc4 Rxc4 22. Ne1 Rc6 23. Nd3 Rec8 24. f4 Bf8 25. Bh4 Bg7 26. Rf1 f5 27. gxf5
gxf5 28. Kh1 Kh8 29. Rfe1 Re8 30. Nb4 Rd6 31. Rg1 Bf6 32. Bf2 Rg8 33. Rge1 Re8
34. Rg1 Rg8 35. Rge1 Re8 36. Rg1 1/2-1/2

[Event "?"]
[Site "?"]
[Date "????.??.??"]
[Round "?"]
[White "Suder, R."]
[Black "Denisov, D."]
[Result "1/2-1/2"]
[WhiteElo "2131"]
[BlackElo "1965"]
[PlyCount "104"]
[EventDate "2013.??.??"]

1. Nf3 Nf6 2. d4 e6 3. g3 b6 4. Bg2 Bb7 5. O-O c5 6. c4 cxd4 7. Nxd4 Bxg2 8.
Kxg2 Nc6 9. Nc3 Nxd4 10. Qxd4 Bc5 11. Qd3 Qc7 12. e4 Qc6 13. f3 Rc8 14. b3 O-O
15. Bg5 h6 16. Bxf6 gxf6 17. Rad1 Rfd8 18. Ne2 Be7 19. Nf4 Qc5 20. Rf2 Rc6 21.
Rfd2 Qe5 22. Qe2 Rd6 23. Rxd6 Bxd6 24. Qd2 Bc7 25. Nd3 Qg5 26. f4 Qg6 27. Nf2
f5 28. Qe3 fxe4 29. Qxe4 Qxe4+ 30. Nxe4 Kg7 31. Nc3 Kf6 32. Kf3 h5 33. Ke4 Ke7
34. f5 Rg8 35. fxe6 fxe6 36. Nb5 Bb8 37. Kf3 Be5 38. Re1 Kf6 39. Rd1 a6 40. Nd4
Rg4 41. Nc2 Ke7 42. Re1 Kf6 43. Rd1 d6 44. Ne3 Rd4 45. Rxd4 Bxd4 46. Ng2 Be5
47. Ke4 Kg5 48. Kf3 Kf5 49. Ne3+ Kg5 50. Ng2 Kf5 51. Ne3+ Kg5 52. Ng2 Kf5
1/2-1/2

[Event "?"]
[Site "?"]
[Date "????.??.??"]
[Round "?"]
[White "Migala, A."]
[Black "Hoyer, O."]
[Result "1/2-1/2"]
[WhiteElo "2057"]
[BlackElo "1889"]
[PlyCount "61"]
[EventDate "2013.??.??"]

1. e4 e5 2. Nf3 Nc6 3. d4 exd4 4. Bc4 Nf6 5. e5 Ng4 6. Qe2 Qe7 7. Bf4 f6 8.
exf6 gxf6 9. Nbd2 Qxe2+ 10. Bxe2 Bc5 11. O-O d6 12. Nb3 Bb6 13. Rad1 Bd7 14.
Nbxd4 Nge5 15. Nxe5 dxe5 16. Bh5+ Ke7 17. Nxc6+ Bxc6 18. Be3 Rhg8 19. g3 Bxe3
20. fxe3 Rad8 21. Kf2 Be4 22. c3 Bc2 23. Rxd8 Rxd8 24. Re1 Rd2+ 25. Re2 Rxe2+
26. Bxe2 Kd6 27. Bf3 b6 28. Ke2 Bb1 29. a3 e4 30. Bg4 Kc5 31. Kd2 1/2-1/2

[Event "?"]
[Site "?"]
[Date "????.??.??"]
[Round "?"]
[White "Zimmermann, F."]
[Black "Kireeva, L."]
[Result "1-0"]
[WhiteElo "1844"]
[BlackElo "2061"]
[PlyCount "52"]
[EventDate "2013.??.??"]

1. e4 c6 2. d4 d5 3. Nc3 dxe4 4. Nxe4 Nd7 5. Bd3 Ngf6 6. Ng3 g6 7. Nf3 Bg7 8.
Qe2 O-O 9. O-O Re8 10. Bc4 e6 11. Rd1 b5 12. Bb3 Bb7 13. a4 a6 14. h4 Qc7 15.
h5 Nd5 16. Bg5 N7f6 17. Bxd5 exd5 18. Qd3 Re7 19. hxg6 hxg6 20. axb5 cxb5 21.
Bd2 Rc8 22. Rac1 Qc4 23. Bf4 Ne4 24. Qxc4 Rxc4 25. Nxe4 dxe4 26. Be3 Rd7 1-0

[Event "?"]
[Site "?"]
[Date "????.??.??"]
[Round "?"]
[White "Balberov, A."]
[Black "Andreev, G."]
[Result "1-0"]
[WhiteElo "2366"]
[BlackElo "1808"]
[PlyCount "27"]
[EventDate "2013.??.??"]

1. d4 Nf6 2. c4 e6 3. Nf3 b6 4. g3 Bb7 5. Bg2 Be7 6. O-O O-O 7. Nc3 d5 8. Ne5
Nbd7 9. Qa4 Nxe5 10. dxe5 Ng4 11. cxd5 Nxe5 12. d6 Bxg2 13. dxe7 Qxe7 14. Kxg2
1-0

[Event "?"]
[Site "?"]
[Date "????.??.??"]
[Round "?"]
[White "Napierala, M."]
[Black "Petrov, A."]
[Result "0-1"]
[WhiteElo "1737"]
[BlackElo "2039"]
[PlyCount "110"]
[EventDate "2013.??.??"]

1. c4 Nf6 2. d4 g6 3. Nc3 Bg7 4. Nf3 O-O 5. e4 d6 6. Be2 e5 7. dxe5 dxe5 8.
Qxd8 Rxd8 9. O-O c6 10. Bg5 Nbd7 11. Rad1 Re8 12. Rd6 h6 13. Bh4 g5 14. Bg3 Bf8
15. Rdd1 Bb4 16. Bd3 Nh5 17. Ne2 f6 18. a3 Bf8 19. h4 Nc5 20. b4 Nxd3 21. Rxd3
Be6 22. Rc1 Red8 23. Rdc3 Rd7 24. hxg5 hxg5 25. Bh2 Rad8 26. Ng3 Nf4 27. Kf1
Rd1+ 28. Ne1 R1d2 29. Nc2 Nd3 30. Ra1 Rxf2+ 31. Kg1 Rd2 32. Nf1 Re2 33. Ng3 Nf4
34. Ne1 Red2 35. Nf1 Ne2+ 36. Kh1 Nxc3 37. Nxd2 Rxd2 38. Nf3 Rd1+ 39. Rxd1 Nxd1
40. c5 Nf2+ 41. Kg1 Nxe4 42. Kf1 Bg4 43. Ne1 b6 44. cxb6 axb6 45. Nc2 c5 46.
Bg1 Bd1 47. Ne3 Bb3 48. Nf5 cxb4 49. axb4 Bc4+ 50. Ke1 Bxb4+ 51. Kd1 b5 52. Kc2
Kh7 53. Ne3 Bc5 54. g4 Bxe3 55. Bxe3 Be2 0-1

[Event "?"]
[Site "?"]
[Date "????.??.??"]
[Round "?"]
[White "Turkeeva, Y."]
[Black "Michalowski, R."]
[Result "1-0"]
[WhiteElo "2039"]
[BlackElo "1795"]
[PlyCount "65"]
[EventDate "2013.??.??"]

1. e4 d5 2. exd5 Qxd5 3. Nc3 Qa5 4. d4 c6 5. h3 Nf6 6. Nf3 Bf5 7. Bd2 e6 8. Bc4
Qc7 9. Bb3 Nbd7 10. Qe2 O-O-O 11. O-O-O Bd6 12. Rhe1 Rhe8 13. Ne5 Bg6 14. f4
Nd5 15. Ne4 f6 16. Nxg6 hxg6 17. g3 Nf8 18. c4 Nxf4 19. Nxd6+ Qxd6 20. Bxf4 Qe7
21. Kb1 g5 22. Be3 e5 23. d5 c5 24. Qf2 b6 25. Ba4 Nd7 26. Qf3 Qd6 27. Bf2 Re7
28. Qf5 Kc7 29. Bxd7 Rdxd7 30. h4 Kb7 31. hxg5 fxg5 32. Qxg5 e4 33. Be3 1-0

[Event "?"]
[Site "?"]
[Date "????.??.??"]
[Round "?"]
[White "Zimmer, R."]
[Black "Gründer, M."]
[Result "1-0"]
[WhiteElo "1424"]
[BlackElo "2009"]
[PlyCount "53"]
[EventDate "2013.??.??"]

1. e4 g6 2. Nf3 Bg7 3. d4 d6 4. Bc4 a6 5. h3 b5 6. Bb3 Bb7 7. Ng5 e6 8. Qg4 Nf6
9. Nxf7 Nxg4 10. Nxd8 Nxf2 11. Nxe6 Nxh1 12. Nxg7+ Kd7 13. Be6+ Kc6 14. d5+ Kb6
15. Be3+ c5 16. dxc6+ Kxc6 17. Bd4 Kc7 18. Nc3 Nc6 19. Nd5+ Kb8 20. Bb6 Bc8 21.
Nc7 Ra7 22. Bxa7+ Kxa7 23. O-O-O Ng3 24. Rxd6 Kb7 25. Bd5 Kxc7 26. Rxc6+ Kd7
27. Ne6 1-0

[Event "?"]
[Site "?"]
[Date "????.??.??"]
[Round "?"]
[White "Chernov, I."]
[Black "Kohnen, K."]
[Result "0-1"]
[WhiteElo "2086"]
[BlackElo "1399"]
[PlyCount "40"]
[EventDate "2013.??.??"]

1. b3 e5 2. e4 g6 3. Bb2 Bg7 4. f4 d6 5. Nf3 f6 6. d4 exd4 7. Nxd4 f5 8. Ne6
Bxe6 9. Bxg7 Nf6 10. Bxh8 Kf7 11. Bxf6 Qxf6 12. c3 fxe4 13. Be2 Nc6 14. O-O Kg7
15. Qd2 Rf8 16. Na3 a6 17. Bc4 Qf7 18. f5 Bxc4 19. fxg6 Qxf1+ 20. Rxf1 Rxf1#
0-1

[Event "?"]
[Site "?"]
[Date "????.??.??"]
[Round "?"]
[White "Markov, I."]
[Black "Krause, S."]
[Result "1-0"]
[WhiteElo "1917"]
[BlackElo "1961"]
[PlyCount "33"]
[EventDate "2013.??.??"]

1. e4 c5 2. Nf3 Nc6 3. c3 Nf6 4. Qc2 g6 5. d4 cxd4 6. cxd4 d5 7. e5 Ne4 8. a3
Bf5 9. Bd3 Qa5+ 10. Nc3 Nb4 11. axb4 Qxa1 12. Bb5+ Kd8 13. O-O Rc8 14. Qb3 Be6
15. Bd2 Nxc3 16. Bxc3 Qxf1+ 17. Kxf1 1-0

[Event "?"]
[Site "?"]
[Date "????.??.??"]
[Round "?"]
[White "Mende, H."]
[Black "Tsapalin, S."]
[Result "0-1"]
[WhiteElo "1730"]
[BlackElo "1975"]
[PlyCount "102"]
[EventDate "2013.??.??"]

1. d4 Nf6 2. c4 c5 3. d5 b5 4. cxb5 a6 5. bxa6 g6 6. g3 Bxa6 7. Bg2 d6 8. Nc3
Bg7 9. Nf3 Nbd7 10. O-O O-O 11. Re1 Qa5 12. e4 Ng4 13. Bd2 Nge5 14. Nxe5 Nxe5
15. Na4 Qc7 16. Bc3 Bb5 17. b3 Bxa4 18. bxa4 Qa7 19. a5 Nc4 20. Bxg7 Kxg7 21.
Bf1 Nxa5 22. a4 c4 23. Qc2 Rfc8 24. Qc3+ Kg8 25. Ra3 Qc5 26. Rb1 Rcb8 27. Rb5
Qc7 28. Kg2 Rc8 29. Be2 Qa7 30. Bd1 Rc5 31. Rb4 Rb8 32. Ra2 Rxb4 33. Qxb4 c3
34. Bc2 Rc4 35. Qb5 Qc7 36. Bd3 Rc5 37. Qb1 Nc4 38. Qc2 Qa5 39. Ra1 Nb2 40. Be2
Qb4 41. Bb5 Kg7 42. h3 Qd4 43. h4 Qd2 44. Rc1 h5 45. Qb1 f6 46. Qc2 f5 47. exf5
Qxd5+ 48. Kh2 Qxf5 49. Qxf5 gxf5 50. Rc2 d5 51. Be2 d4 0-1